|
|
|
|
| LEADER |
00000nam2a2200000 4500 |
| 001 |
161042 |
| 005 |
20231031155801.0 |
| 020 |
|
|
|a RU
|b 87-75646
|
| 035 |
|
|
|a (RuTPU)RU\TPU\book\174638
|
| 090 |
|
|
|a 161042
|
| 100 |
|
|
|a 20090602g1987 m y0rusy5003 ca
|
| 101 |
1 |
|
|a rus
|c eng
|
| 102 |
|
|
|a RU
|
| 105 |
|
|
|a a z 001ay
|
| 200 |
0 |
|
|a Т. 2: Тайпи. Израиль Поттер. Пятьдесят лет его изгнания
|e романы
|
| 210 |
|
|
|d 1987
|
| 215 |
|
|
|d 20 см
|e (ил.)
|a 455 с.
|
| 320 |
|
|
|a Примечания: с. 434-453
|
| 330 |
|
|
|a Герман Мелвилл (1819-1891) - классик американской литературы, выдающийся писатель-романтик.Во второй том Собрания сочинений вошли романы "Тайпи" (1846) и "Израиль Поттер. Пятьдесят лет его изгнания" (1855).Перевод И.Бернштейн и И.Гуровой.Составление и послесловие Ю.Ковалева, примечания Е.Апенко, Н.Наказнюк.
|
| 461 |
|
1 |
|0 (RuTPU)RU\TPU\book\174640
|t Собрание сочинений
|o В 3 т. : Пер. с англ.
|f Г. Мелвилл
|g под ред. Я. Н. Засурского
|v Т. 2: Тайпи. Израиль Поттер. Пятьдесят лет его изгнания
|d 1987-
|
| 610 |
1 |
|
|a американская литература
|
| 675 |
|
|
|a 82
|z rus
|v 3
|
| 801 |
|
0 |
|a RU
|b RuMRKP
|c 19950417
|g psbo
|
| 801 |
|
1 |
|a RU
|b 63413507
|c 20090602
|g PSBO
|
| 801 |
|
2 |
|a RU
|b 63413507
|c 20090602
|g PSBO
|
| 942 |
|
|
|c BK
|